书目信息 |
| 题名: |
你能识别哪些人在说谎
|
|
| 作者: | 钱钱 著 | |
| 分册: | ||
| 出版信息: | 北京 中华工商联合出版社 2018 |
|
| 页数: | 203页 | |
| 开本: | 24cm | |
| 丛书名: | ||
| 单 册: | ||
| 中图分类: | C912.69 | |
| 科图分类: | ||
| 主题词: | 谎言--huang yan--心理学分析 | |
| 电子资源: | ||
| ISBN: | 978-7-5158-2200-6 | |
| 000 | 01312nam0 2200253 450 | |
| 001 | 012001002209 | |
| 005 | 20130122110609.0 | |
| 010 | @a978-7-5158-2200-6@dCNY39.90 | |
| 099 | @aCAL 012018062819 | |
| 100 | @a20180416d2018 em y0chiy50 ea | |
| 101 | 0 | @achi |
| 102 | @aCN@b110000 | |
| 105 | @ay z 000yy | |
| 106 | @ar | |
| 200 | 1 | @a你能识别哪些人在说谎@Ani neng shi bie na xie ren zai shuo huang@e微表情、微动作与识谎艺术@f钱钱著 |
| 210 | @a北京@c中华工商联合出版社@d2018 | |
| 215 | @a203页@d24cm | |
| 330 | @a在我们的生活中, 谎言可以说是无处不在, 而且常常给我们的生活、工作和人际交往带来困扰。其实, 谎言是可以被识别的, 而微表情、微动作是有效的“识谎利器”。掌握微表情、微动作的相关知识, 可以帮助人们快速有效地对他人的言行进行判断, 从而识别出谎言。本书以普及微表情、微动作的相关知识为主旨, 从人的面部表情、肢体动作、言谈习惯等方面入手, 从心理学角度解释人的各种微表情、微动作中的识谎玄机, 探索其中的心理秘密。希望读者通过阅读本书, 能够灵活运用书中的识谎策略, 了解交往对象的真实情绪和心理, 有效识别谎言, 从而掌握人际交往中的主动权。 | |
| 517 | 1 | @a微表情、微动作与识谎艺术@Awei biao qing 、wei dong zuo yu shi huang yi shu |
| 606 | 0 | @a谎言@Ahuang yan@x心理学分析 |
| 690 | @aC912.69@v5 | |
| 701 | 0 | @a钱钱@Aqian qian@4著 |
| 801 | 2 | @aCN@b江苏凤凰@c20191020 |
| 905 | @b1215122-5@dC912.69@e1611@f4 | |
| 你能识别哪些人在说谎:微表情、微动作与识谎艺术/钱钱著.-北京:中华工商联合出版社,2018 |
| 203页;24cm |
| ISBN 978-7-5158-2200-6:CNY39.90 |
| 在我们的生活中, 谎言可以说是无处不在, 而且常常给我们的生活、工作和人际交往带来困扰。其实, 谎言是可以被识别的, 而微表情、微动作是有效的“识谎利器”。掌握微表情、微动作的相关知识, 可以帮助人们快速有效地对他人的言行进行判断, 从而识别出谎言。本书以普及微表情、微动作的相关知识为主旨, 从人的面部表情、肢体动作、言谈习惯等方面入手, 从心理学角度解释人的各种微表情、微动作中的识谎玄机, 探索其中的心理秘密。希望读者通过阅读本书, 能够灵活运用书中的识谎策略, 了解交往对象的真实情绪和心理, 有效识别谎言, 从而掌握人际交往中的主动权。 |
| ● |
| 相关链接 |
|
|
|
|
正题名:你能识别哪些人在说谎
索取号:C912.69/1611
 
预约/预借
| 序号 | 登录号 | 条形码 | 馆藏地/架位号 | 状态 | 备注 |
| 1 | 1215122 | 212151222 | 第一样本阅览室/ [索取号:C912.69/1611] | 在馆 | |
| 2 | 1215123 | 212151231 | 教育系资料室/ [索取号:C912.69/1611] | 在馆 | |
| 3 | 1215124 | 212151240 | 教育系资料室/ [索取号:C912.69/1611] | 在馆 | |
| 4 | 1215125 | 212151259 | 第一借阅区/ [索取号:C912.69/1611] | 在馆 |